Formule 1 - Coéquipier - Statistiques

Statistiques générales
  • Ce quiz a été pris 81 fois
  • Le résultat moyen est 8 sur 10
Statistiques - réponses
Hint Réponse % Correct
2021 Carlos Sainz Jr
99%
2022 Carlos Sainz Jr
99%
2023 Carlos Sainz Jr
99%
2024 Carlos Sainz Jr
99%
2025 Lewis Hamilton
96%
2019 Sebastian Vettel
83%
2020 Sebastian Vettel
83%
2024 Oliver Bearman
77%
2018 Marcus Ericsson
43%
2028 Antonio Giovinazzi
14%
Aucun quiz correspondant
Distribution des résultats
% des personnes avec chaque résultat
Percentile par nombre de réponses
Votre historique - résultats
Vous n’avez pas pris ce quiz